<?xml version="1.0" encoding="UTF-8"?>
<record
    xmlns:xsi="http://www.w3.org/2001/XMLSchema-instance"
    xsi:schemaLocation="http://www.loc.gov/MARC21/slim http://www.loc.gov/standards/marcxml/schema/MARC21slim.xsd"
    xmlns="http://www.loc.gov/MARC21/slim">

  <leader>01919cam a22004454i 4500</leader>
  <controlfield tag="003">PE-LiUPU</controlfield>
  <controlfield tag="005">20250731165431.0</controlfield>
  <controlfield tag="008">160218s1993    pe a   grm    000 0 spa d</controlfield>
  <datafield tag="035" ind1=" " ind2=" ">
    <subfield code="a">(Sirsi) a156217</subfield>
  </datafield>
  <datafield tag="040" ind1=" " ind2=" ">
    <subfield code="a">PE-LiUPU</subfield>
    <subfield code="b">spa</subfield>
    <subfield code="c">PE-LiUPU</subfield>
    <subfield code="e">rda</subfield>
  </datafield>
  <datafield tag="099" ind1=" " ind2=" ">
    <subfield code="a">TE 2</subfield>
    <subfield code="b">O44 1993</subfield>
  </datafield>
  <datafield tag="100" ind1="1" ind2=" ">
    <subfield code="a">Olivera la Rosa, Samuel Alejandro</subfield>
    <subfield code="e">autor</subfield>
  </datafield>
  <datafield tag="245" ind1="1" ind2=" ">
    <subfield code="a">Fertilizantes naturales en la producci&#xF3;n de Raphanus sativus 'rabanito' /</subfield>
    <subfield code="c">Samuel Alejandro Olivera la Rosa.</subfield>
  </datafield>
  <datafield tag="264" ind1=" " ind2="0">
    <subfield code="c">1993.</subfield>
  </datafield>
  <datafield tag="300" ind1=" " ind2=" ">
    <subfield code="a">62 hojas </subfield>
    <subfield code="c">30 cm</subfield>
  </datafield>
  <datafield tag="336" ind1=" " ind2=" ">
    <subfield code="a">text</subfield>
    <subfield code="2">rdacontent</subfield>
  </datafield>
  <datafield tag="337" ind1=" " ind2=" ">
    <subfield code="a">unmediated</subfield>
    <subfield code="2">rdamedia</subfield>
  </datafield>
  <datafield tag="338" ind1=" " ind2=" ">
    <subfield code="a">volume</subfield>
    <subfield code="2">rdacarrier</subfield>
  </datafield>
  <datafield tag="502" ind1=" " ind2=" ">
    <subfield code="a">Tesis</subfield>
    <subfield code="b">(Lic.) -- </subfield>
    <subfield code="c">Universidad Peruana Uni&#xF3;n,</subfield>
    <subfield code="d">1993.</subfield>
  </datafield>
  <datafield tag="504" ind1=" " ind2=" ">
    <subfield code="a">Incluye referencias</subfield>
  </datafield>
  <datafield tag="520" ind1="3" ind2=" ">
    <subfield code="a">Interpretamos la ense&#xF1;anza aprendizaje como un proceso a trav&#xE9;s del cual se trata llegar al por que y al para que de las cosas, de manera activa y funcional. En la premisa de referencia hecha en las l&#xED;neas arriba, identifican dos elementos: educando y educador. El educando aparece, entonces, como un ente activo capaz de descubrir por si mismo, de buscar referencias vinculadas con los problemas a resolver, e id&#xF3;neo en el empleo del m&#xE9;todo cient&#xED;fico para dar soluci&#xF3;n correcta a hechos pertinentes y ajenas a su quehacer especifico. El educador por su parte se perfila como coordinador, gu&#xED;a o supervisor, m&#xE1;s que como simple emisor de conocimientos.</subfield>
  </datafield>
  <datafield tag="526" ind1=" " ind2=" ">
    <subfield code="a">SEG44</subfield>
  </datafield>
  <datafield tag="526" ind1=" " ind2=" ">
    <subfield code="a">SEG26</subfield>
  </datafield>
  <datafield tag="526" ind1=" " ind2=" ">
    <subfield code="a">P151</subfield>
  </datafield>
  <datafield tag="526" ind1=" " ind2=" ">
    <subfield code="a">P150</subfield>
  </datafield>
  <datafield tag="526" ind1=" " ind2=" ">
    <subfield code="a">P149</subfield>
  </datafield>
  <datafield tag="526" ind1=" " ind2=" ">
    <subfield code="a">P146</subfield>
  </datafield>
  <datafield tag="526" ind1=" " ind2=" ">
    <subfield code="a">P145</subfield>
  </datafield>
  <datafield tag="526" ind1=" " ind2=" ">
    <subfield code="a">P126</subfield>
  </datafield>
  <datafield tag="526" ind1=" " ind2=" ">
    <subfield code="a">P125</subfield>
  </datafield>
  <datafield tag="526" ind1=" " ind2=" ">
    <subfield code="a">P92</subfield>
  </datafield>
  <datafield tag="526" ind1=" " ind2=" ">
    <subfield code="a">P75</subfield>
  </datafield>
  <datafield tag="526" ind1=" " ind2=" ">
    <subfield code="a">P74</subfield>
  </datafield>
  <datafield tag="526" ind1=" " ind2=" ">
    <subfield code="a">P27</subfield>
  </datafield>
  <datafield tag="526" ind1=" " ind2=" ">
    <subfield code="a">P15</subfield>
  </datafield>
  <datafield tag="650" ind1="0" ind2="4">
    <subfield code="a">Rabanito</subfield>
    <subfield code="x">Fertilizaci&#xF3;n org&#xE1;nica.</subfield>
  </datafield>
  <datafield tag="596" ind1=" " ind2=" ">
    <subfield code="a">1</subfield>
  </datafield>
  <datafield tag="942" ind1=" " ind2=" ">
    <subfield code="2">ddc</subfield>
    <subfield code="c">TESIS</subfield>
  </datafield>
  <datafield tag="999" ind1=" " ind2=" ">
    <subfield code="a">TE 2 O44 1993</subfield>
    <subfield code="w">ALPHANUM</subfield>
    <subfield code="c">8899</subfield>
    <subfield code="i">T00175</subfield>
    <subfield code="l">CCODEBUL3</subfield>
    <subfield code="m">BUL</subfield>
    <subfield code="r">1</subfield>
    <subfield code="s">Y</subfield>
    <subfield code="t">TESIS</subfield>
    <subfield code="u">2016-2-18</subfield>
    <subfield code="d">8899</subfield>
  </datafield>
  <datafield tag="980" ind1=" " ind2=" ">
    <subfield code="8">1</subfield>
    <subfield code="g">ALBERTO SANCHEZ Responsable de Automatizaci&#xF3;n</subfield>
  </datafield>
  <datafield tag="952" ind1=" " ind2=" ">
    <subfield code="r">2022-07-06 00:00:00</subfield>
    <subfield code="l">0</subfield>
    <subfield code="o">TE 2 O44 1993</subfield>
    <subfield code="p">T00175</subfield>
    <subfield code="t">e1</subfield>
    <subfield code="w">2016-02-18</subfield>
    <subfield code="y">TESIS</subfield>
    <subfield code="z">Este &#xCD;tem NO se presta por ser Ejemplar #1.</subfield>
    <subfield code="1">0</subfield>
    <subfield code="2">ddc</subfield>
    <subfield code="7">1</subfield>
    <subfield code="8">TESIS</subfield>
    <subfield code="a">BUL</subfield>
    <subfield code="b">BUL</subfield>
    <subfield code="c">TESIS</subfield>
    <subfield code="d">2016-02-18</subfield>
  </datafield>
</record>
